Macroeconomics
Αποθηκεύτηκε σε:
| Κύριος συγγραφέας: | |
|---|---|
| Μορφή: | Βιβλίο |
| Γλώσσα: | English |
| Δημοσίευση: |
Homewood, Illinois :
Irwin,
1970
|
| Σειρά: | Irwin series in economics
|
| Θέματα: | |
| Ετικέτες: |
Προσθήκη ετικέτας
Δεν υπάρχουν, Καταχωρήστε ετικέτα πρώτοι!
|
MARC
| LEADER | 00000nam a2200000 i 4500 | ||
|---|---|---|---|
| 001 | 1/45231 | ||
| 008 | 960228s1970 eng d | ||
| 035 | |l 10026110 | ||
| 040 | |a GR-MY-UA |b gre |e aacr | ||
| 041 | 0 | |a eng | |
| 082 | 0 | |a 339 | |
| 100 | 1 | |a Smith, Warren Lounsbury |d 1914-1972. | |
| 245 | 1 | 0 | |a Macroeconomics / |c Warren L.Smith |
| 260 | |a Homewood, Illinois : |b Irwin, |c 1970 | ||
| 300 | |a 532 p. | ||
| 490 | 1 | |a Irwin series in economics | |
| 500 | |a Includes index | ||
| 650 | 0 | 0 | |a Macroeconomics. |
| 830 | 0 | |a Irwin series in economics | |
| 852 | |a INST |b CHIOS |e 19960228 |h 339 SMI |p 005200000812 |q 005200000812 |t BK |y 0 | ||
| 909 | |a Χ |b 013380 | ||